Analytical solid geometry / (Record no. 5005)

MARC details
000 -LEADER
fixed length control field 00527 a2200181 4500
010 ## - LCCN (DPL NO)
LC control number ENG-86614
020 ## - INTERNATIONAL STANDARD BOOK NUMBER
International Standard Book Number 8173715808
Terms of availability 235.00
035 ## - SYSTEM CONTROL NUMBER
System control number EN-70147
037 ## - SOURCE OF ACQUISITION
Source of stock number/acquisition DBAD / PUB
082 14 - DEWEY DECIMAL CLASSIFICATION NUMBER
Classification number 516.33
100 ## - MAIN ENTRY--PERSONAL NAME
Personal name Pirzada, S
245 1# - TITLE STATEMENT
Title Analytical solid geometry /
Statement of responsibility, etc by S. Pirzada [and] T.A. Chishti
260 ## - PUBLICATION, DISTRIBUTION, ETC. (IMPRINT)
Place of publication, distribution, etc Hyderabad
Name of publisher, distributor, etc Universities Press
Date of publication, distribution, etc 2007
270 ## - ADDRESS
Address 3-6-752, Himayatnagar
City Hyderabad
State or province A.P.
300 ## - PHYSICAL DESCRIPTION
Extent 326p
Dimensions 24cm (pbk)
700 ## - ADDED ENTRY--PERSONAL NAME
Personal name Chishti, T.A.
942 ## - ADDED ENTRY ELEMENTS (KOHA)
Institution code [OBSOLETE] dpl
Item type English Books
Source of classification or shelving scheme Dewey Decimal Classification
Classification part 516.33
Call number suffix PIR
Holdings
Withdrawn status Lost status Not for loan Collection code Home library Current library Source of acquisition Cost, normal purchase price Full call number Barcode Copy number Cost, replacement price Koha item type
    Not For Loan Non-fiction D.B.Act.Division D.B.Act.Division DBAD/PUB 235.00 516.33 PIR EN-70147 1 235.00 English Books

© Delhi Public Library
Hit Counter
free hit counter